Política de la gran burguesía en México frente a la crisis /
Guardado en:
| Hovedforfatter: | |
|---|---|
| Format: | Texto |
| Tags: |
Tilføj Tag
Ingen Tags, Vær først til at tagge denne postø!
|
MARC
| LEADER | 00000 a a2200000 04500 | ||
|---|---|---|---|
| 001 | 45761 | ||
| 003 | |||
| 040 | |||
| 100 | |a Concheiro Bórquez, Elvira | ||
| 245 | |a Política de la gran burguesía en México frente a la crisis / |c Elvira Concheiro Bórquez | ||
| 773 | |g número23 (1986), páginas 6-9 | ||
| 999 | |c 40257 |d 40257 | ||
